Characterizating Seasonal Variations in Pavement Material Properties for Use in A Mechanistic-Empirical Design Procedure / (Record no. 1507)

000 -LEADER
fixed length control field 00382 a2200097 4500
082 ## - DEWEY DECIMAL CLASSIFICATION NUMBER
Classification number 625.8 OVI
100 ## - MAIN ENTRY--PERSONAL NAME
Personal name Ovik,Jill M.
245 ## - TITLE STATEMENT
Title Characterizating Seasonal Variations in Pavement Material Properties for Use in A Mechanistic-Empirical Design Procedure /
Statement of responsibility, etc. Jill. M. Ovik
260 ## - PUBLICATION, DISTRIBUTION, ETC.
Place of publication, distribution, etc. Minnesota :
Date of publication, distribution, etc. Dept of Transportation,
Name of publisher, distributor, etc. 2000
300 ## - PHYSICAL DESCRIPTION
Extent variouse pages :
Other physical details ill . ;
Dimensions 27cm
650 ## - SUBJECT ADDED ENTRY--TOPICAL TERM
Topical term or geographic name entry element properties of materials
Holdings
Withdrawn status Lost status Damaged status Not for loan Permanent Location Current Location Shelving location Date acquired Total Checkouts Full call number Barcode Date last seen Price effective from Koha item type
        School of Civil and Environmental Engineering (SCEE) School of Civil and Environmental Engineering (SCEE)       625.8 OVI NIT-1895 01/01/2020 01/05/2017 Book
        School of Civil and Environmental Engineering (SCEE) School of Civil and Environmental Engineering (SCEE)         NIT-1894 01/05/2017 01/05/2017 Book
© 2023 Central Library, National University of Sciences and Technology. All Rights Reserved.